| 000 | 00595nam a22001337a 4500 | ||
|---|---|---|---|
| 999 |
_c122164 _d122164 |
||
| 005 | 20230822121705.0 | ||
| 008 | 210503b ||||| |||| 00| 0 eng d | ||
| 040 | _cPK-LaUMT | ||
| 082 |
_aRHc 891.558 _bDAR- |
||
| 245 |
_aDarbar-i-Milli = دربار ملی : _bqaumi zindhgi ki kahani moasreen ki zabani = قومی زندگی کی کہانی معاصرین کی زبانی / _cmuntakhiba wa murtaba S M Ikram and Waheed Qureshi = منتخبہ و مرتبہ ایس ایم اکرام و وحید قریشی |
||
| 260 |
_aLahore : _bMajlas-i-Taraqqi Adab, _c1966 |
||
| 300 | _a532 p. | ||
| 942 | _cBK | ||